Foreign tourists in Spain by countries of origin (2016) - Statistics

General Stats
  • This quiz has been taken 166 times
  • The average score is 25 of 30
Answer Stats
Amount of tourists Country of origin % Correct
17.840.000 United Kingdom
100%
11.371.000 France
99%
2.001.000 USA
97%
11.188.000 Germany
96%
2.309.000 Belgium
94%
370.000 China
94%
3.993.000 Italy
94%
470.000 Japan
93%
930.000 Norway
93%
1.007.000 Russia
93%
1.820.000 Ireland
92%
3.371.000 Netherlands
92%
1.994.000 Portugal
92%
2.810.000 Sweden
92%
410.000 Canada
91%
370.000 Mexico
90%
380.000 Finland
89%
550.000 Argentina
86%
1.050.000 Denmark
86%
1.728.000 Switzerland
86%
370.000 Brazil
85%
900.000 India
80%
80.000 Chile
73%
340.000 South Korea
73%
280.000 Turkey
73%
60.000 Saudi Arabia
58%
300.000 Israel
57%
70.000 UAE
49%
70.000 Venezuela
49%
60.000 Philippines
25%
No matching quizzes found
Score Distribution
Percent of People with Each Score
Percentile by Number Answered
Your Score History
You have not taken this quiz